| 000 | 02037cam a2200361 a 4500 | ||
|---|---|---|---|
| 999 |
_c1193 _d1193 |
||
| 001 | 01622066 | ||
| 003 | OSt | ||
| 005 | 20220808145027.0 | ||
| 008 | 100126s2009 cauab e s001 0 eng d | ||
| 010 | _a2010275161 | ||
| 015 |
_aGBA9B0087 _2bnb |
||
| 020 | _a0520255119 | ||
| 020 | _a9780520255111 | ||
| 035 | _a(OCoLC)ocn456259362 | ||
| 035 | _a2010275161 | ||
| 040 |
_aROC _cROC _dYAM _dIK2 _dYAM _dOCLCQ _dUKM _dFHP _dMOF _dUPZ _dDLC _dKH8 |
||
| 042 | _anbic | ||
| 082 | 0 | _a576.8 PAL | |
| 100 | 1 |
_aPalmer, Douglas. _eAuthor |
|
| 245 | 1 | 0 |
_aEvolution : _bthe story of life / _cDouglas Palmer ; illustrated by Peter Barrett. |
| 260 |
_aBerkeley : _bUniversity of California Press, _c2009. |
||
| 300 |
_a367 p. : _bcol. ill., col. maps ; _c30 cm. |
||
| 500 | _aIncludes index. | ||
| 500 | _aPublished in association with the Natural History Museum (London) to commemorate the 200th anniversary of Charles Darwin's birth and the 150th anniversary of his On the origin of species. | ||
| 500 | _aTwenty p. on folded leaves, unfold to 30 x 50 cm. | ||
| 505 | 0 | _aIntroduction. What is evolution? ; Putting life in order -- How to use this book -- The science of evolution. Darwin ; Origin and beyond ; Time and life ; The pattern of life ; What are fossils? ; The variety of fossils ; Reconstructing the past ; Evolution today -- The story of evolution : one hundred illustrated site reconstructions -- The trees of life -- Site gazetteer -- Species listing. | |
| 520 | _a"Evolution" recreates the 3.5 billion-year story of life on Earth in stunning detail through vivid full-color illustrations and graphics, the latest scientific information, and hundreds of photographs--a beautifully detailed panorama of communities from microbes to humankind that have lived on the planet's continents and in its oceans. | ||
| 650 | 0 |
_aEvolution (Biology) _vEncyclopedias. |
|
| 650 | 0 |
_aEvolution (Biology) _vPictorial works. |
|
| 700 |
_aBarrett, Peter _eillustrator |
||
| 710 | 2 | _aNatural History Museum (London, England) | |
| 942 |
_2ddc _cNFIC |
||